Paroles - L'odeur de l'essence - Orelsan - Statistiques

Statistiques générales
  • Ce quiz a été pris 130 fois
  • Le résultat moyen est 207 sur 465
Statistiques - réponses
Paroles % Correct
d'le
94%
Le
91%
le
91%
La
88%
la
88%
88%
a
84%
à
84%
de
84%
Les
83%
les
83%
On
82%
on
82%
En
81%
en
81%
et
81%
qui
80%
leur
79%
Pas
79%
pas
79%
Pour
79%
pour
79%
faire
78%
d'en
77%
du
77%
sa
77%
s'en
77%
est
76%
par
76%
nos
74%
ont
74%
(Regarde)
74%
(regarde)
74%
dans
73%
Tout
73%
tout
73%
Que
72%
que
72%
Rien
72%
rien
72%
rien,
72%
des
71%
Dès
71%
France
71%
L'odeur
71%
l'odeur
71%
un
70%
l'droit
69%
ou
69%
69%
où, (uh)
69%
Plus
69%
plus
69%
va
69%
c'qu'ils
68%
68%
peur
68%
peur,
68%
l'essence,
67%
l'essence
67%
l'monde
67%
l'monde,
67%
qu'ils
67%
c'qu'on
66%
être
66%
Qu'on
66%
qu'on
66%
Tous
66%
tous
66%
D'une
64%
d'une
64%
fait
64%
mal
64%
sur
64%
dire
63%
peut
63%
Ca
62%
ça
62%
crash
62%
droit
62%
leurs
62%
monde
62%
Personne
62%
personne
62%
"C'est
61%
C'est
61%
c'est
61%
vers
61%
avion
60%
Comme
60%
comme
60%
(Ecoute)
60%
écoute,
60%
s'bat
60%
Ils
59%
ils
59%
sans
59%
Une
59%
nostalgie
58%
passée
58%
vivre
58%
croire
57%
l'même
57%
miroiter
57%
mongol
57%
enfants
56%
médias
56%
même
56%
sens,
56%
deux
54%
deux,
54%
grandeur
54%
leader
54%
qu'le
54%
toujours
54%
ans
53%
Grecs
53%
sont
53%
vont
53%
baise
52%
elle
52%
haine
52%
haine,
52%
Mayas,
52%
branler
51%
n'a
51%
p'tit
51%
racine
51%
terre
51%
trois
51%
aux
50%
binaire
50%
foi
50%
L'alcool
50%
paranoïa,
50%
poule,
50%
régalent
50%
remplacer
50%
(sensible)
50%
(sensible,
50%
Sensible
50%
sensible
50%
sensible)
50%
sensible,
50%
Si
50%
vipère
50%
défensive
49%
d'penser
49%
faits
49%
faits,
49%
fantasmée
49%
Faut
49%
faut
49%
plaire
49%
prend
49%
renard,
49%
v'nir
49%
contre,
48%
d'mongols,
48%
étrangers
48%
l'avant
48%
Marine,
48%
Mongols
48%
mongols
48%
mongols,
48%
parents
48%
Romains,
48%
salons
48%
t'es
48%
train
48%
vote
48%
bien
47%
juste
47%
Mamie
47%
nous
47%
qu'la
47%
veulent
47%
veut
47%
échoué
46%
Egyptiens,
46%
extrêmes
46%
fini
46%
jamais
46%
jamais,
46%
l'déni
46%
moutons
46%
quelqu'un
46%
Sait
46%
sait
46%
soigne
46%
trinquent
46%
ceux
44%
d'bagnole,
44%
divers,
44%
donc
44%
entassés
44%
riches
44%
riches,
44%
Accidents
43%
charismatique
43%
d'autres
43%
donne
43%
leaders
43%
l'Empire
43%
l'temps
43%
meurt
43%
n'est
43%
Prendre
43%
prendre
43%
reset
43%
rue
43%
s'exprime
43%
sortir
43%
s'voit
43%
vieux
43%
violences
43%
danger
42%
réac',
42%
reboot,
42%
relou
42%
Soit
42%
soit
42%
s'plaint
42%
conjugales
41%
débats
41%
demandé
41%
enflammer
41%
époque
41%
l'incendie,
41%
quand
41%
Quelque
41%
quelque
41%
quoi
41%
stériles
41%
voir
41%
aient
40%
Allumer
40%
armes
40%
avec
40%
cherche
40%
chose
40%
citent
40%
jeux
40%
l'tribunal
40%
parce
40%
qu'les
40%
s'étonne
40%
Sujet
40%
temps
40%
tiers
40%
tweets
40%
croit
39%
déjà
39%
drames
39%
étaient
39%
moitié
39%
part
39%
qu'des
39%
qu'un
39%
voix
39%
aime
38%
Appelle
38%
argent
38%
chiffres
38%
Connard
38%
connard
38%
c'qui
38%
débiles
38%
disent
38%
dont
38%
d'savoir
38%
font
38%
gens,
38%
'justice",
38%
l'Président
38%
nostalgiques
38%
s'ront
38%
systémique
38%
Z
38%
bête
37%
créée
37%
d'douze
37%
détruits
37%
discussion
37%
morte
37%
persuader
37%
pousser
37%
tomber
37%
tyrannie
37%
vortex
37%
voulaient
37%
censure
36%
cyclique
36%
Gamins
36%
Génération
36%
gérer
36%
infernal
36%
l'anxiété
36%
notre
36%
picolent,
36%
Qu'est
36%
reste
36%
risques
36%
s'auto-détruit,
36%
vive
36%
basculer
34%
b'soin
34%
comment
34%
d'vient
34%
émotions
34%
Entourés
34%
guerre
34%
lois, (uh)
34%
merde,
34%
p'tite
34%
respect
34%
voit
34%
artistes
33%
autres,
33%
cercle
33%
Certains
33%
crier
33%
dénigrée
33%
d'être
33%
gâche
33%
gouverne ?
33%
l'hôpital
33%
l'Sénat
33%
pseudo
33%
Putain,
33%
vendre
33%
voient
33%
avenir
32%
chacun
32%
confiance
32%
connu
32%
critiques
32%
d'l'argent,
32%
ennemi
32%
hiérarchique
32%
jusqu'à
32%
lèguent
32%
l'incompréhension,
32%
milliardaires
32%
Pendant
32%
Pris
32%
remporte
32%
saisir
32%
survivre
32%
votent,
32%
cache
31%
change
31%
dernière
31%
d'réfléchir,
31%
ensemble
31%
foutu",
31%
lâches
31%
précis
31%
remplit
31%
t'apprend
31%
victimes
31%
alcoolique,
30%
amis
30%
business
30%
connasse
30%
d'anciennes
30%
deepfake
30%
entier
30%
équipe
30%
hystérique
30%
j'suis
30%
l'deviennent
30%
L'école
30%
l'perdre
30%
moins
30%
sauf
30%
seule
30%
s'excite
30%
Assume
29%
choisir
29%
dev'nus
29%
d'solutions,
29%
facho,
29%
flippent
29%
l'individualisme
29%
l'système
29%
panique,
29%
polémique
29%
relations
29%
susceptible
29%
Voilà
29%
Alors
28%
Aucune
28%
coupables
28%
d'avis,
28%
désespoir,
28%
experts
28%
l'ont
28%
l'rejet
28%
manger
28%
opinions
28%
tristesse,
28%
voler,
28%
appartient
27%
avance
27%
chefs ?
27%
contradictions,
27%
dégènère,
27%
écrite
27%
fais
27%
l'argent
27%
subversifs
27%
tranchées,
27%
Youtubers
27%
Battle
26%
exciter,
26%
flirtent
26%
inerte
26%
L'histoire
26%
l'inconnu
26%
n'assume
26%
royale,
26%
s'bousille
26%
s'efface
26%
souffre
26%
empathie,
24%
jugements,
24%
satisfaire
24%
servent
24%
seulement
24%
s'radicalisent
24%
uns
24%
clichés
23%
Depuis
23%
dilemmes
23%
Face
23%
fascistes,
23%
manque
23%
méfiance,
23%
Nourris
23%
nourris
23%
qu'une
23%
semblant
23%
clairement
22%
Combien
22%
Corrompu,
22%
L'intelligence
22%
Mélange
22%
n'avance
22%
nombreux
22%
planquent
22%
Tellement
22%
Ensuite
21%
gratteurs
21%
richesse
21%
buzz
20%
d'jobs
20%
s'crache
20%
s'nourrir,
19%
d'tafs
18%
forme
18%
repères,
18%
s'perdent
18%
s'pardonne
17%
Aucun quiz correspondant
Distribution des résultats
% des personnes avec chaque résultat
Percentile par nombre de réponses
Votre historique - résultats
Vous n’avez pas pris ce quiz